Normal view MARC view

Entry Corporate Name

Number of records used in: 1

001 - CONTROL NUMBER

  • control field: n 89119454

003 - CONTROL NUMBER IDENTIFIER

  • control field: DLC

005 - DATE AND TIME OF LATEST TRANSACTION

  • control field: 20190917095711.0

008 - FIXED-LENGTH DATA ELEMENTS

  • fixed length control field: 911205n| azannaabn |a ana

010 ## - LIBRARY OF CONGRESS CONTROL NUMBER

  • LC control number: n 89119454

040 ## - CATALOGING SOURCE

  • Original cataloging agency: DLC
  • Language of cataloging: eng
  • Description conventions: rda
  • Transcribing agency: DLC
  • Modifying agency: DLC

046 ## - SPECIAL CODED DATES

  • Start period: 1991

110 2# - HEADING--CORPORATE NAME

  • Corporate name or jurisdiction name as entry element: International Centre for Peace Initiatives

410 2# - SEE FROM TRACING--CORPORATE NAME

  • Corporate name or jurisdiction name as entry element: ICPI

670 ## - SOURCE DATA FOUND

  • Source citation: The New world order, 1991:
  • Information found: t.p. (International Centre for Peace Initiatives) jkt. (estabd. 1991; object: to promote the analysis, anticipation and prevention of sectarian and international conflicts)

670 ## - SOURCE DATA FOUND

  • Source citation: Peace initiatives, July-Aug. 1996:
  • Information found: t.p. (International Centre for Peace Initiatives) prelim. p. i (ICPI; non-profit public education organization)
Devinim Yazılım Eğitim Danışmanlık tarafından Koha'nın orjinal sürümü uyarlanarak geliştirilip kurulmuştur.